00258 a2200121 4500001000700000020002100007040001100028100002100039240003100060245002900091300000700120362000900127195140 a978-85-418-189-4 cMagnum aBelinky, Tatiana10aVovô majai e as lebresl10aVovô majai e as lebres a460 a2017